| 000 | 00535nam a2200169Ia 4500 | ||
|---|---|---|---|
| 003 | GCL | ||
| 008 | 140319s9999 xx 000 0 ara d | ||
| 040 |
_aGCL / _cGCL |
||
| 082 | 0 | 4 | _a020.5 |
| 245 | 1 | 0 | _aمكتبات . نت ( مج3 \ ع 7-8 ) |
| 260 |
_aالقاهرة : _bايبيس.كوم ، _c2002 |
||
| 650 | 0 | 4 | _aمراكز المعلومات - تنظيم |
| 650 | 0 | 4 | _aالتجارة الالكترونية |
| 650 | 0 | 4 | _aالمكتبات الرقمية |
| 650 | 0 | 4 | _aمكتبة الملك فهد الوطنية |
| 942 |
_2ddc _cCR |
||
| 999 |
_c7680 _d7680 |
||